000 01007nam a22003730a 4500
001 PT58638
003 AR-LpoUNG
005 20260131014315.0
008 201001s2016||||ag |||||||||||||||||spa d
020 _a9789876302319
_c$4
040 _aAR-LpoUNG
_bspa
_eaacr
041 _aspa
044 _aag
082 0 _a334.01 787eco
100 1 _aCoraggio, José Luis
_eorg.
_93
245 1 0 _aEconomía social y solidaria en movimiento
250 _a1ra. ed.
260 _aLos Polvorines :
_bUniversidad Nacional de General Sarmiento,
_c2016.
300 _a230 p. :
_btbls., mapas
490 0 _aLecturas de economía social
650 4 _aAMERICA LATINA
650 4 _aANALISIS HISTORICO
650 4 _aCAPITALISMO
650 4 _aECONOMIA
650 4 _aIGLESIA
650 4 _aMOVIMIENTOS SOCIALES
650 4 _aROL DE LA MUJER
650 4 _aSOCIALISMO
653 0 _aECONOMIA SOCIAL
653 0 _aECONOMIA SOLIDARIA
653 0 _aEDUCACION POPULAR
905 _a58638
942 _cLIB
_2ddc
999 _c51493
_d51493